000 00220nam a22000857a 4500
008 170617b xxu||||| |||| 00| 0 eng d
100 _93482
_aCBSE
245 _aCreating writing and Translation
260 _aNew Delhi
_bCBSE
_c2008
999 _c6866
_d6866